000 00624nam a2200193 i 4500
001 140557
003 ES-MaACL
005 20230906200114.0
007 t|
008 070214s1933 xxu r ||||1| eng d
080 _a025.343.1
245 0 0 _aList of subject headings for small libraries
_b: compiled from list used in nine representative small libraries /
_cedited by Minnie Sears.
250 _a3 ยช ed.
260 _aNew York :
_bW. Wilson,
_c1933.
300 _aXXVIII, 453 p. ;
_c26 cm.
650 4 _aEncabezamientos de materia ingleses.
_9156081
700 1 _aSears, Minnie.
_9104995
852 _aES-MaACL
_jA-2629
999 _c140557
_d140557